[Event "V4 OPEN - International Championship of Slovakia 2
[Site "Banska Stiavnica"]
[Date "2013.07.14"]
[Round "9"]
[Board "48"]
[White "Wozniak, Mariola"]
[Black "Chmielewski, Jakub"]
[Result "1-0"]
[WhiteElo "2016"]
[BlackElo "1880"]
[PlyCount "93"]
[EventDate "2013.07.06"]
[EventRounds "9"]
[EventCountry "SVK"]

1. e4 c5 2. Nf3 d6 3. d4 cxd4 4. Nxd4 Nf6 5. Nc3 Nc6 6. Bg5 Qb6 7. Nb3 e6 8.
Qd2 Bd7 9. O-O-O Be7 10. Kb1 O-O 11. f3 Rac8 12. Be3 Qd8 13. g4 Ne5 14. g5 Nh5
15. f4 Ng4 16. Be2 e5 17. fxe5 Nxe3 18. Qxe3 Bxg5 19. Qf2 Nf4 20. exd6 a5 21.
Nd4 Rxc3 22. bxc3 Qb6+ 23. Ka1 a4 24. Qg3 a3 25. Rb1 Qa5 26. Bb5 Bc6 27. Bxc6
bxc6 28. Rb3 Ne6 29. Nxe6 fxe6 30. Rg1 Bf6 31. Kb1 Qa7 32. Rd1 c5 33. e5 Bd8
34. Qg4 Rf5 35. Qc4 Rxe5 36. Qb5 Qf7 37. Rxa3 Kf8 38. Ra8 Qe8 39. Rf1+ Rf5 40.
Rxf5+ exf5 41. Qb8 Kf7 42. Qxd8 Qb5+ 43. Ka1 Qf1+ 44. Kb2 Qb5+ 45. Ka3 c4 46.
Ra5 Qb1 47. Qd7+ 1-0

[Event "V4 OPEN - International Championship of Slovakia 2
[Site "Banska Stiavnica"]
[Date "2013.07.14"]
[Round "9"]
[Board "49"]
[White "Pasztor, Ladislav"]
[Black "Hlavac, Peter"]
[Result "0-1"]
[WhiteElo "1886"]
[BlackElo "1999"]
[PlyCount "106"]
[EventDate "2013.07.06"]
[EventRounds "9"]
[EventCountry "SVK"]

1. e4 Nc6 2. f4 d5 3. exd5 Qxd5 4. d3 e5 5. Nf3 Bg4 6. Be2 Nf6 7. O-O Bc5+ 8.
Kh1 e4 9. Nc3 exf3 10. Nxd5 fxe2 11. Nxf6+ Kd8 12. Nxg4 exd1=Q 13. Rxd1 Re8 14.
c3 h5 15. Ne5 Nxe5 16. fxe5 Rxe5 17. d4 Rd5 18. Bf4 Be7 19. Re1 Bf6 20. Re2 Kd7
21. h3 c6 22. Rae1 Rf5 23. Be5 Re8 24. Bxf6 Rxe2 25. Rxe2 Rxf6 26. g3 Re6 27.
Rf2 f6 28. Kg2 Kd6 29. c4 Re4 30. Rd2 g5 31. Kf3 f5 32. b3 b5 33. cxb5 cxb5 34.
a3 Kd5 35. Rd3 Rxd4 36. Re3 f4 37. gxf4 Rxf4+ 38. Kg3 a5 39. Re8 Re4 40. Rd8+
Kc5 41. Kf3 Rf4+ 42. Kg3 Rd4 43. Rc8+ Kd5 44. Rd8+ Ke4 45. Re8+ Kf5 46. Rf8+
Ke6 47. Re8+ Kd7 48. Re5 Rd3+ 49. Kg2 Rxb3 50. Rxg5 h4 51. a4 Rg3+ 52. Rxg3
hxg3 53. h4 bxa4 0-1

[Event "V4 OPEN - International Championship of Slovakia 2
[Site "Banska Stiavnica"]
[Date "2013.07.14"]
[Round "9"]
[Board "50"]
[White "Sahidi, Samir"]
[Black "Sturc, Jan"]
[Result "1-0"]
[WhiteElo "1839"]
[BlackElo "1999"]
[PlyCount "93"]
[EventDate "2013.07.06"]
[EventRounds "9"]
[EventCountry "SVK"]

1. c4 Nf6 2. Nc3 e6 3. g3 c5 4. Nf3 a6 5. Bg2 Nc6 6. O-O Be7 7. b3 Rb8 8. a4 d5
9. cxd5 exd5 10. d4 Ne4 11. Bb2 Bf6 12. e3 cxd4 13. Nxe4 dxe4 14. Nxd4 Nxd4 15.
exd4 O-O 16. Bxe4 b5 17. Qd3 g6 18. Rfc1 bxa4 19. Rxa4 Bd7 20. Bc6 Bf5 21. Qe3
Qb6 22. Bd5 Rbd8 23. Bc4 Rfe8 24. Rxa6 Qb7 25. Rxf6 Rxe3 26. Rxf7 Rxg3+ 27.
hxg3 Qxf7 28. Bxf7+ Kxf7 29. Rc7+ Rd7 30. Rxd7+ Bxd7 31. d5 Bf5 32. Be5 Ke7 33.
Kf1 Bc2 34. b4 Bb3 35. d6+ Ke6 36. Ke2 Ba4 37. Bf4 Kf5 38. Kd3 Ke6 39. Kc4 Bc6
40. b5 Bf3 41. Kc5 Kd7 42. Kb6 Be2 43. Kc5 Bf3 44. Kd4 Ke6 45. Ke3 Bd1 46. b6
g5 47. b7 1-0

[Event "V4 OPEN - International Championship of Slovakia 2
[Site "Banska Stiavnica"]
[Date "2013.07.14"]
[Round "9"]
[Board "51"]
[White "Mandak, Miroslav"]
[Black "Lecky, Juraj"]
[Result "1/2-1/2"]
[WhiteElo "1996"]
[BlackElo "1826"]
[PlyCount "43"]
[EventDate "2013.07.06"]
[EventRounds "9"]
[EventCountry "SVK"]

1. e4 c5 2. Ne2 Nf6 3. Nbc3 d5 4. exd5 Nxd5 5. g3 Bg4 6. Bg2 Nxc3 7. bxc3 Nc6
8. Rb1 Qd7 9. O-O e5 10. Qe1 Be7 11. Ba3 O-O 12. d3 Rab8 13. f3 Be6 14. Qf2 b6
15. c4 Nd4 16. Nxd4 exd4 17. Bc1 Bh3 18. Bxh3 Qxh3 19. Bf4 Rbd8 20. Rfe1 Bf6
21. Re2 Qd7 22. Qf1 1/2-1/2

[Event "V4 OPEN - International Championship of Slovakia 2
[Site "Banska Stiavnica"]
[Date "2013.07.14"]
[Round "9"]
[Board "52"]
[White "Volcko, Richard"]
[Black "Hros, Roman"]
[Result "1/2-1/2"]
[WhiteElo "1766"]
[BlackElo "1982"]
[PlyCount "37"]
[EventDate "2013.07.06"]
[EventRounds "9"]
[EventCountry "SVK"]

1. d4 d5 2. c4 e5 3. dxe5 d4 4. Nf3 Nc6 5. a3 Nge7 6. Nbd2 Be6 7. Nb3 Nf5 8.
Qd3 Be7 9. g3 h5 10. Bh3 g6 11. Bg2 h4 12. g4 h3 13. Bf1 Nh4 14. Bf4 Bxg4 15.
Nfxd4 Qd7 16. O-O-O O-O-O 17. Rg1 Nf5 18. Nxf5 Bxf5 19. Qxd7+ 1/2-1/2

[Event "V4 OPEN - International Championship of Slovakia 2
[Site "Banska Stiavnica"]
[Date "2013.07.14"]
[Round "9"]
[Board "53"]
[White "Pipiska, Adam"]
[Black "Lovas, Miklos"]
[Result "1/2-1/2"]
[WhiteElo "1676"]
[BlackElo "1975"]
[PlyCount "54"]
[EventDate "2013.07.06"]
[EventRounds "9"]
[EventCountry "SVK"]

1. e4 e5 2. Nf3 Nc6 3. d4 exd4 4. Nxd4 Nxd4 5. Qxd4 d6 6. Bc4 Nf6 7. O-O Be7 8.
Nc3 O-O 9. Bg5 h6 10. Be3 Ng4 11. f4 Bf6 12. Qd3 Nxe3 13. Qxe3 Re8 14. Rae1 Bf5
15. Qf3 Bxc3 16. bxc3 Be6 17. Bb3 Qf6 18. e5 dxe5 19. Qxb7 Bxb3 20. cxb3 Qb6+
21. Qxb6 axb6 22. a4 e4 23. f5 Rad8 24. Re3 Rd2 25. Rf2 Rd1+ 26. Rf1 Rd2 27.
Rf2 Rd1+ 1/2-1/2

[Event "V4 OPEN - International Championship of Slovakia 2
[Site "Banska Stiavnica"]
[Date "2013.07.14"]
[Round "9"]
[Board "55"]
[White "Stanko, Ivan"]
[Black "Giertli, Vladimir"]
[Result "1/2-1/2"]
[WhiteElo "1949"]
[BlackElo "2093"]
[PlyCount "39"]
[EventDate "2013.07.06"]
[EventRounds "9"]
[EventCountry "SVK"]

1. e4 c5 2. c3 d6 3. d4 Nd7 4. Nf3 Qc7 5. Bf4 Ngf6 6. Bd3 e5 7. dxe5 dxe5 8.
Bg3 c4 9. Bc2 Bc5 10. O-O O-O 11. Nbd2 b5 12. a4 Ba6 13. axb5 Bxb5 14. Ba4 a6
15. h3 Rad8 16. Qe2 Rfe8 17. Rfd1 g6 18. Bh4 Rb8 19. Bxb5 axb5 20. Bg5 1/2-1/2

[Event "V4 OPEN - International Championship of Slovakia 2
[Site "Banska Stiavnica"]
[Date "2013.07.14"]
[Round "9"]
[Board "56"]
[White "Marczuk, Dominik"]
[Black "Jancura, Andrej"]
[Result "1-0"]
[WhiteElo "2043"]
[BlackElo "1885"]
[PlyCount "75"]
[EventDate "2013.07.06"]
[EventRounds "9"]
[EventCountry "SVK"]

1. e4 e5 2. Nf3 d6 3. Bc4 Be7 4. d4 Nd7 5. dxe5 Nxe5 6. Nxe5 dxe5 7. Qh5 g6 8.
Qxe5 Nf6 9. Bh6 Qd6 10. Qxd6 cxd6 11. Nc3 a6 12. Nd5 Nxd5 13. Bxd5 Rg8 14. Bf4
Rb8 15. O-O-O g5 16. Bg3 Rg6 17. Rd3 Be6 18. Rhd1 Bxd5 19. Rxd5 Rd8 20. R1d3 h5
21. f3 h4 22. Be1 g4 23. f4 Re6 24. Re3 Rc8 25. Kd2 Rc5 26. Rxc5 dxc5 27. e5 c4
28. Re4 b5 29. f5 Bg5+ 30. Ke2 Re7 31. Bb4 Rd7 32. Rxg4 f6 33. Kf3 Rd5 34. Rxg5
fxg5 35. Ke4 Rd1 36. e6 Rf1 37. Ke5 Rf2 38. f6 1-0

[Event "V4 OPEN - International Championship of Slovakia 2
[Site "Banska Stiavnica"]
[Date "2013.07.14"]
[Round "9"]
[Board "57"]
[White "Turkova, Karolina"]
[Black "Bango, Lukas"]
[Result "1-0"]
[WhiteElo "2018"]
[BlackElo "1757"]
[PlyCount "47"]
[EventDate "2013.07.06"]
[EventRounds "9"]
[EventCountry "SVK"]

1. e4 d6 2. d4 Nf6 3. Nc3 g6 4. Be3 Bg7 5. Qd2 c6 6. f3 b5 7. Bd3 Nbd7 8. g4 h5
9. gxh5 Nxh5 10. Nge2 e5 11. d5 b4 12. dxc6 bxc3 13. cxd7+ Bxd7 14. Nxc3 O-O
15. Bc4 Nf4 16. O-O-O Rc8 17. Qxd6 Rxc4 18. Qxd7 Qa5 19. Qxa7 Qxa7 20. Bxa7 Bh6
21. Be3 Rb8 22. Rd2 Bf8 23. Nd5 Ne6 24. Nf6+ 1-0

[Event "V4 OPEN - International Championship of Slovakia 2
[Site "Banska Stiavnica"]
[Date "2013.07.14"]
[Round "9"]
[Board "58"]
[White "Hyll, Jan"]
[Black "Karas, Marek"]
[Result "0-1"]
[WhiteElo "1899"]
[BlackElo "2017"]
[PlyCount "44"]
[EventDate "2013.07.06"]
[EventRounds "9"]
[EventCountry "SVK"]

1. d4 e6 2. Nf3 Nf6 3. Bg5 d5 4. Nbd2 Be7 5. e3 Nbd7 6. Bd3 c5 7. c3 b6 8. O-O
Bb7 9. h3 Ne4 10. Bxe7 Qxe7 11. Bb5 O-O 12. Bxd7 Nxd2 13. Nxd2 Qxd7 14. f4 a5
15. Qh5 Ba6 16. Rf3 Be2 17. Qh4 Bxf3 18. Nxf3 f6 19. g4 cxd4 20. exd4 Qd6 21.
g5 fxg5 22. Nxg5 h6 0-1

[Event "V4 OPEN - International Championship of Slovakia 2
[Site "Banska Stiavnica"]
[Date "2013.07.14"]
[Round "9"]
[Board "59"]
[White "Malinovsky, Jozef"]
[Black "Ondras, Juraj"]
[Result "0-1"]
[WhiteElo "1846"]
[BlackElo "2016"]
[PlyCount "66"]
[EventDate "2013.07.06"]
[EventRounds "9"]
[EventCountry "SVK"]

1. d4 Nf6 2. c4 e6 3. Nc3 Bb4 4. Bd2 b6 5. a3 Bxc3 6. Bxc3 Bb7 7. e3 O-O 8. Nf3
Ne4 9. Bd3 d6 10. O-O f5 11. Re1 Nd7 12. Bf1 Nxc3 13. bxc3 Qf6 14. Rc1 g5 15.
Re2 Rf7 16. Rb2 Kh8 17. Rcc2 Rg8 18. Qe2 Rg6 19. a4 a5 20. Ne1 e5 21. d5 Nc5
22. Ra2 e4 23. Qd2 Rfg7 24. Be2 Rh6 25. Qd4 Qf7 26. g4 Nb3 27. Qd1 f4 28. f3
fxe3 29. Ng2 exf3 30. Bxf3 Nd2 31. Be2 Qf2+ 32. Kh1 Rxh2+ 33. Kxh2 Rg6 0-1

[Event "V4 OPEN - International Championship of Slovakia 2
[Site "Banska Stiavnica"]
[Date "2013.07.14"]
[Round "9"]
[Board "60"]
[White "Haring, Filip"]
[Black "Snider, Lukas"]
[Result "1-0"]
[WhiteElo "1742"]
[BlackElo "2004"]
[PlyCount "73"]
[EventDate "2013.07.06"]
[EventRounds "9"]
[EventCountry "SVK"]

1. e4 e5 2. Nc3 Nf6 3. f4 d5 4. fxe5 Nxe4 5. Nf3 Bf5 6. d3 Nxc3 7. bxc3 Be7 8.
Be2 O-O 9. O-O Bg6 10. d4 c5 11. Bf4 c4 12. Qd2 Nc6 13. h3 Qd7 14. Nh2 Nd8 15.
Bg4 Ne6 16. Be3 Qa4 17. Bf5 Ba3 18. Rab1 b5 19. g4 Be7 20. Rb2 Rab8 21. Nf3 Qa6
22. h4 h5 23. Ng5 Bxg5 24. hxg5 hxg4 25. Bxg4 Be4 26. Qe1 Rfe8 27. Bf5 Bxf5 28.
Rxf5 g6 29. Rf6 Kg7 30. Qf1 Rb7 31. Qf3 Rd7 32. Rb1 Rh8 33. Rf1 Qb7 34. Rf2 Qc7
35. Rxe6 Rh5 36. Qf6+ Kg8 37. Re8+ 1-0

[Event "V4 OPEN - International Championship of Slovakia 2
[Site "Banska Stiavnica"]
[Date "2013.07.14"]
[Round "9"]
[Board "62"]
[White "Motuzova, Marta"]
[Black "Banduka, Zeljko"]
[Result "1/2-1/2"]
[WhiteElo "1825"]
[BlackElo "2168"]
[PlyCount "31"]
[EventDate "2013.07.06"]
[EventRounds "9"]
[EventCountry "SVK"]

1. d4 c5 2. dxc5 e6 3. Nc3 Na6 4. Nf3 Nxc5 5. e3 d5 6. Be2 Nf6 7. a3 a6 8. b4
Nce4 9. Nxe4 Nxe4 10. Bb2 Bd7 11. c4 dxc4 12. Bxc4 Rc8 13. Rc1 Nf6 14. O-O Be7
15. Ne5 O-O 16. Nxd7 1/2-1/2

[Event "V4 OPEN - International Championship of Slovakia 2
[Site "Banska Stiavnica"]
[Date "2013.07.14"]
[Round "9"]
[Board "63"]
[White "Popelka, Oldrich"]
[Black "Laho, Lukas"]
[Result "1-0"]
[WhiteElo "2094"]
[BlackElo "1835"]
[PlyCount "99"]
[EventDate "2013.07.06"]
[EventRounds "9"]
[EventCountry "SVK"]

1. f4 d5 2. Nf3 Bf5 3. g3 e6 4. Bg2 Nf6 5. O-O h6 6. Kh1 Bc5 7. d3 O-O 8. Qe1
Nc6 9. Nc3 a6 10. e4 dxe4 11. dxe4 Bh7 12. e5 Nd7 13. Ne4 Bb6 14. c3 Qe7 15. b4
Rad8 16. a4 Ndb8 17. Ba3 Qd7 18. b5 Ne7 19. Nc5 Bxc5 20. Bxc5 Rfe8 21. Rd1 Qxd1
22. Qxd1 Rxd1 23. Rxd1 Nd5 24. Rc1 b6 25. Bf2 a5 26. Nd4 Rd8 27. Kg1 Bd3 28. c4
Nb4 29. c5 Bg6 30. cxb6 cxb6 31. Nc6 N8xc6 32. bxc6 Nd5 33. Bxd5 exd5 34. Bxb6
Rc8 35. Bxa5 Bf5 36. Bb4 Rb8 37. Bd6 Rc8 38. Rc5 d4 39. Kf2 d3 40. Ke3 g6 41.
g4 Bxg4 42. Kxd3 Bf3 43. c7 Kg7 44. Rb5 Bg4 45. Rb8 f6 46. a5 Bh3 47. Kd4 fxe5+
48. Bxe5+ Kf7 49. a6 Ke7 50. a7 1-0

[Event "V4 OPEN - International Championship of Slovakia 2
[Site "Banska Stiavnica"]
[Date "2013.07.14"]
[Round "9"]
[Board "64"]
[White "Volna, Lukas"]
[Black "Sturc, Gustav"]
[Result "1-0"]
[WhiteElo "1809"]
[BlackElo "2047"]
[PlyCount "105"]
[EventDate "2013.07.06"]
[EventRounds "9"]
[EventCountry "SVK"]

1. d4 Nf6 2. Bf4 g6 3. Nf3 Bg7 4. e3 d6 5. h3 O-O 6. Bd3 c5 7. c3 Qa5 8. Nbd2
b5 9. O-O Bb7 10. a3 c4 11. Bc2 Qd8 12. a4 a6 13. e4 Nbd7 14. Re1 Nh5 15. Bh2
e5 16. axb5 axb5 17. Rxa8 Qxa8 18. dxe5 Nxe5 19. Nd4 Nd3 20. Bxd3 cxd3 21. Nxb5
Be5 22. Nxd6 Bxh2+ 23. Kxh2 Qb8 24. e5 Ba8 25. N2c4 Qa7 26. Qd2 Qc7 27. f3 Qe7
28. g4 Ng7 29. Qxd3 Qh4 30. Rf1 Ne6 31. f4 Qd8 32. Qe3 Qd7 33. Nb6 Qc6 34. Nxa8
Rxa8 35. Qf3 Qxf3 36. Rxf3 Ra2 37. Nc4 Nc5 38. f5 gxf5 39. gxf5 Kf8 40. Re3 Ke7
41. Kg3 Ra4 42. b4 Nd7 43. e6 fxe6 44. Rxe6+ Kf7 45. Nd6+ Kg8 46. Re8+ Nf8 47.
b5 Ra3 48. Rc8 Rb3 49. f6 Rb1 50. c4 Rb3+ 51. Kg4 h5+ 52. Kxh5 Rxh3+ 53. Kg4
1-0

[Event "V4 OPEN - International Championship of Slovakia 2
[Site "Banska Stiavnica"]
[Date "2013.07.14"]
[Round "9"]
[Board "65"]
[White "Laho, Maros"]
[Black "Vrtiakova, Anna"]
[Result "1-0"]
[WhiteElo "2029"]
[BlackElo "1805"]
[PlyCount "89"]
[EventDate "2013.07.06"]
[EventRounds "9"]
[EventCountry "SVK"]

1. d4 d5 2. Nf3 Nf6 3. g3 c6 4. Bg2 Bf5 5. O-O e6 6. c4 Nbd7 7. Nc3 h6 8. Re1
Be7 9. Nd2 O-O 10. e4 dxe4 11. Ndxe4 Nxe4 12. Nxe4 Nf6 13. Nc3 Qc7 14. Qa4 a6
15. c5 Nd5 16. Nxd5 exd5 17. Bf4 Qd8 18. Re5 Be6 19. Rae1 Bf6 20. R5e2 Qd7 21.
Be5 Bxe5 22. Rxe5 Rfe8 23. Qb3 f6 24. R5e3 Bf7 25. h4 Rxe3 26. Rxe3 Re8 27. Kh2
Rxe3 28. Qxe3 Qe6 29. Bh3 f5 30. Qf4 Qe7 31. Bxf5 g6 32. Bc8 Kh7 33. Qe3 Qc7
34. Bh3 h5 35. b4 Kg8 36. Qg5 a5 37. a3 axb4 38. axb4 b6 39. Qf6 bxc5 40. bxc5
Qb7 41. Be6 Qc7 42. Qxg6+ Kf8 43. Qxf7+ Qxf7 44. Bxf7 Kxf7 45. g4 1-0

[Event "V4 OPEN - International Championship of Slovakia 2
[Site "Banska Stiavnica"]
[Date "2013.07.14"]
[Round "9"]
[Board "66"]
[White "Diviak, Rudolf"]
[Black "Pereszlenyi, Gejza"]
[Result "0-1"]
[WhiteElo "1799"]
[BlackElo "2021"]
[PlyCount "76"]
[EventDate "2013.07.06"]
[EventRounds "9"]
[EventCountry "SVK"]

1. b4 c6 2. Bb2 a5 3. a3 Nf6 4. c4 axb4 5. axb4 Rxa1 6. Bxa1 e6 7. Qb3 Qb6 8.
c5 Bxc5 9. Nh3 Qxb4 10. Qd3 Qb5 11. Qc2 Na6 12. e3 Nb4 13. Qb3 Qa5 14. Bb2 Qa2
15. Qxa2 Nxa2 16. Bc4 Nb4 17. O-O d5 18. Be2 Bd6 19. Nc3 b5 20. Ra1 O-O 21. Ng5
Bb7 22. Ra7 Rb8 23. d4 h6 24. Nf3 Ne4 25. Ne5 Bxe5 26. dxe5 Ba8 27. Nd1 c5 28.
f3 Nd2 29. Bxb5 Rxb5 30. Rxa8+ Kh7 31. Nc3 Rb7 32. Na4 Nd3 33. Nxc5 Nxc5 34.
Bd4 Nd3 35. Ra1 Rc7 36. Rd1 Rc2 37. Bb6 Nxe5 38. Kf2 Ndc4+ 0-1

[Event "V4 OPEN - International Championship of Slovakia 2
[Site "Banska Stiavnica"]
[Date "2013.07.14"]
[Round "9"]
[Board "67"]
[White "Novotny, Michal"]
[Black "Feldvabl, Vilem"]
[Result "1-0"]
[WhiteElo "1984"]
[BlackElo "1794"]
[PlyCount "109"]
[EventDate "2013.07.06"]
[EventRounds "9"]
[EventCountry "SVK"]

1. e4 e5 2. Nf3 Nf6 3. d4 exd4 4. e5 Ne4 5. Qxd4 d5 6. exd6 Nxd6 7. Bd3 Nc6 8.
Qe3+ Qe7 9. O-O Qxe3 10. Bxe3 Be7 11. Re1 O-O 12. a3 Bf5 13. Nc3 Bxd3 14. cxd3
Rfd8 15. Nd5 Ne8 16. Nxe7+ Nxe7 17. Bxa7 Nc6 18. Be3 Rxd3 19. Bf4 f6 20. Re3
Rxe3 21. fxe3 Rd8 22. Rc1 Rd7 23. Kf2 Ne7 24. Ke2 c6 25. Nd4 Nd5 26. Bg3 Re7
27. Bf2 Nf4+ 28. Kd2 Nd5 29. Nf5 Re5 30. g4 g6 31. Ng3 Nd6 32. Kd3 Kf7 33. Bg1
Ne7 34. e4 Rb5 35. Bd4 Ke6 36. b4 Rg5 37. h3 f5 38. e5 Nf7 39. Be3 Nxe5+ 40.
Ke2 Nf7 41. Bxg5 Nxg5 42. h4 Ne4 43. Nxe4 fxe4 44. Rc5 Nd5 45. Ra5 b6 46. Ra7
h5 47. gxh5 gxh5 48. Rh7 Nf6 49. Rb7 b5 50. Ke3 Ke5 51. Re7+ Kd6 52. Rg7 Ke5
53. Rg5+ Ke6 54. Kd4 Kd6 55. Rc5 1-0

[Event "V4 OPEN - International Championship of Slovakia 2
[Site "Banska Stiavnica"]
[Date "2013.07.14"]
[Round "9"]
[Board "68"]
[White "Topolovsky, Vincent"]
[Black "Hipszki, Julius"]
[Result "1-0"]
[WhiteElo "1952"]
[BlackElo "1776"]
[PlyCount "93"]
[EventDate "2013.07.06"]
[EventRounds "9"]
[EventCountry "SVK"]

1. d4 Nf6 2. Nf3 d5 3. c4 e6 4. cxd5 exd5 5. Nc3 Be7 6. h3 O-O 7. Qc2 Re8 8.
Bg5 Ne4 9. Nxe4 dxe4 10. Bxe7 Rxe7 11. Nd2 Qxd4 12. e3 Qb4 13. a3 Qa5 14. O-O-O
Nc6 15. Nxe4 Be6 16. Nc5 b6 17. Nxe6 Rxe6 18. Bc4 Re5 19. Kb1 Rc5 20. Qe4 Rf8
21. f4 b5 22. Bd5 Qb6 23. Rd3 a5 24. b4 axb4 25. axb4 Rxd5 26. Rxd5 Ra8 27.
Rhd1 h6 28. R1d2 Qa6 29. Rb2 Qa1+ 30. Kc2 Qa4+ 31. Kd2 Qa3 32. Rb1 Qa2+ 33. Ke1
Ra3 34. Rbd1 g6 35. Rd8+ Nxd8 36. Rxd8+ Kh7 37. Rd2 Qa1+ 38. Kf2 Ra2 39. Qd5
Rxd2+ 40. Qxd2 Qf6 41. e4 Kg7 42. Ke3 g5 43. f5 Qe5 44. Qd4 Kf6 45. g3 h5 46.
Qd8+ Qe7 47. e5+ 1-0

[Event "V4 OPEN - International Championship of Slovakia 2
[Site "Banska Stiavnica"]
[Date "2013.07.14"]
[Round "9"]
[Board "69"]
[White "Mosny, Jaroslav"]
[Black "Vitek, Matej"]
[Result "1/2-1/2"]
[WhiteElo "1926"]
[BlackElo "1771"]
[PlyCount "47"]
[EventDate "2013.07.06"]
[EventRounds "9"]
[EventCountry "SVK"]

1. d4 Nf6 2. Nf3 d5 3. c4 c6 4. Nc3 a6 5. e3 b5 6. cxb5 cxb5 7. Bd3 Bb7 8. O-O
e6 9. Ne5 Nbd7 10. f4 g6 11. Bd2 Ne4 12. Rc1 Rc8 13. a4 bxa4 14. Nxa4 f6 15.
Rxc8 Qxc8 16. Nxd7 Qxd7 17. Nb6 Qc6 18. Ba5 Bd6 19. Qa1 O-O 20. Rc1 Qe8 21. Qa4
Qxa4 22. Nxa4 Rc8 23. Rxc8+ Bxc8 24. Kf1 1/2-1/2

[Event "V4 OPEN - International Championship of Slovakia 2
[Site "Banska Stiavnica"]
[Date "2013.07.14"]
[Round "9"]
[Board "70"]
[White "Recky, Norbert"]
[Black "Karas, Juraj"]
[Result "1-0"]
[WhiteElo "1879"]
[BlackElo "1732"]
[PlyCount "57"]
[EventDate "2013.07.06"]
[EventRounds "9"]
[EventCountry "SVK"]

1. e4 e6 2. d4 d5 3. e5 c5 4. c3 Nc6 5. Nf3 Qb6 6. a3 c4 7. Be2 Bd7 8. O-O
O-O-O 9. Nbd2 f6 10. b3 fxe5 11. Nxe5 Nxe5 12. dxe5 cxb3 13. Qxb3 Bc5 14. a4
Rf8 15. Qxb6 Bxb6 16. a5 Bc7 17. Nf3 Ne7 18. a6 Ng6 19. axb7+ Kxb7 20. Ba6+ Kb8
21. Ba3 Rf4 22. Bd6 Bxd6 23. exd6 Ka8 24. Rfb1 Bc6 25. Nd4 Rxd4 26. cxd4 Rd8
27. Rc1 Rxd6 28. Rab1 e5 29. Rxc6 1-0

[Event "V4 OPEN - International Championship of Slovakia 2
[Site "Banska Stiavnica"]
[Date "2013.07.14"]
[Round "9"]
[Board "71"]
[White "Laho, Matus"]
[Black "Pal, Csanad"]
[Result "1-0"]
[WhiteElo "1221"]
[BlackElo "1878"]
[PlyCount "79"]
[EventDate "2013.07.06"]
[EventRounds "9"]
[EventCountry "SVK"]

1. e4 e5 2. Nf3 Nc6 3. d4 exd4 4. Nxd4 Bc5 5. Nxc6 Qf6 6. Qf3 Qxc6 7. Nc3 Ne7
8. Be3 a6 9. Bc4 O-O 10. Bxc5 Qxc5 11. Bd3 d6 12. O-O Be6 13. Rfe1 Nc6 14. Qe3
Qh5 15. Be2 Qa5 16. a3 f5 17. b4 Qe5 18. f4 Qd4 19. Bf3 fxe4 20. Bxe4 Rab8 21.
Bxc6 Qxe3+ 22. Rxe3 bxc6 23. Rxe6 Rxf4 24. Rae1 Kf8 25. Rf1 Rxf1+ 26. Kxf1 Kf7
27. Re2 h6 28. Kf2 g6 29. g4 Kf6 30. Ne4+ Kf7 31. g5 hxg5 32. Nxg5+ Kf6 33. h4
Ra8 34. Ne6 Ra7 35. Nd4 c5 36. bxc5 dxc5 37. Nb3 Kf5 38. Nxc5 Kg4 39. Re4+ Kf5
40. Ra4 1-0

[Event "V4 OPEN - International Championship of Slovakia 2
[Site "Banska Stiavnica"]
[Date "2013.07.14"]
[Round "9"]
[Board "72"]
[White "Durica, Andrej"]
[Black "Kahancova, Jana"]
[Result "1-0"]
[WhiteElo "1854"]
[BlackElo "1636"]
[PlyCount "93"]
[EventDate "2013.07.06"]
[EventRounds "9"]
[EventCountry "SVK"]

1. e4 e6 2. d4 d5 3. e5 c5 4. c3 Nc6 5. Nf3 Qb6 6. Bd3 Bd7 7. O-O cxd4 8. cxd4
Nxd4 9. Ng5 Bb5 10. Be3 Bc5 11. b4 Bxd3 12. bxc5 Ne2+ 13. Qxe2 Bxe2 14. cxb6
Bxf1 15. Kxf1 axb6 16. Bxb6 Ne7 17. Bc5 Ng6 18. Bd6 h6 19. Nf3 Kd7 20. Na3 f6
21. Nb5 Ra5 22. a4 Rha8 23. Nc3 Rc8 24. Bb4 Ra6 25. exf6 gxf6 26. Ke1 Nf4 27.
Kd2 Nxg2 28. Rg1 Nf4 29. Rg7+ Kc6 30. Nd4+ Kb6 31. a5+ Ka7 32. Ncb5+ Kb8 33.
Bd6+ Rxd6 34. Nxd6 Rc7 35. Rxc7 Kxc7 36. Ne8+ Kd8 37. Nxf6 Ke7 38. Ng8+ Kd6 39.
Nxh6 e5 40. Nf7+ Kc5 41. Nb3+ Kc4 42. Nd6+ Kxb3 43. Nxb7 Ne6 44. a6 Nc7 45. h4
Nxa6 46. h5 Nc5 47. Nxc5+ 1-0

[Event "V4 OPEN - International Championship of Slovakia 2
[Site "Banska Stiavnica"]
[Date "2013.07.14"]
[Round "9"]
[Board "73"]
[White "Simo, Marian"]
[Black "Jedrocha, Katarzyna"]
[Result "1-0"]
[WhiteElo "1844"]
[BlackElo "1676"]
[PlyCount "35"]
[EventDate "2013.07.06"]
[EventRounds "9"]
[EventCountry "SVK"]

1. e4 e5 2. Nc3 Nf6 3. f4 d5 4. fxe5 Nxe4 5. d3 Nxc3 6. bxc3 d4 7. Nf3 Nc6 8.
cxd4 Nxd4 9. c3 Nxf3+ 10. Qxf3 c5 11. Be2 Be7 12. O-O O-O 13. Be3 f6 14. Qg3
fxe5 15. Qxe5 Re8 16. Bh5 g6 17. Bh6 Bf8 18. Rxf8+ 1-0

[Event "V4 OPEN - International Championship of Slovakia 2
[Site "Banska Stiavnica"]
[Date "2013.07.14"]
[Round "9"]
[Board "74"]
[White "Jandl, Vojtech"]
[Black "Bango, Dominik"]
[Result "1-0"]
[WhiteElo "1837"]
[BlackElo "1337"]
[PlyCount "149"]
[EventDate "2013.07.06"]
[EventRounds "9"]
[EventCountry "SVK"]

1. e4 d6 2. d4 Nf6 3. Bd3 e5 4. Nf3 Nbd7 5. O-O g6 6. Nbd2 Bg7 7. dxe5 Nxe5 8.
Nxe5 dxe5 9. Nc4 Nd7 10. b3 O-O 11. Ne3 b6 12. Bb5 Nc5 13. Ba3 Bb7 14. Qe2 c6
15. Bxc5 bxc5 16. Ba6 Bxa6 17. Qxa6 Qb6 18. Qe2 Qb5 19. Qc4 Rab8 20. Rfd1 Rfd8
21. a4 Qb4 22. Rxd8+ Rxd8 23. Qxb4 cxb4 24. Rd1 Rd4 25. Rxd4 exd4 26. Nc4 c5
27. Na5 a6 28. Kf1 Be5 29. g3 Kf8 30. Ke2 Ke8 31. Nb7 d3+ 32. Kxd3 Bd4 33. f4
Bg1 34. g4 Bxh2 35. f5 gxf5 36. exf5 Bg1 37. Kc4 Ke7 38. Nxc5 a5 39. Ne4 Bb6
40. g5 Bd8 41. Nf6 h6 42. Ng8+ Kf8 43. Nxh6 Bxg5 44. Ng4 Bd8 45. Ne5 Kg7 46.
Kd5 Kf6 47. Ke4 Bc7 48. Nc6 Bb6 49. Ne5 Bd8 50. Nc4 Ke7 51. Ne3 Kd6 52. Nd5 Bg5
53. Nb6 Bd8 54. Nd5 Bg5 55. Kd4 Bd8 56. Nf4 Bg5 57. Nd3 Bd8 58. Ke4 Bf6 59. Nf4
Bd8 60. Ne2 Bg5 61. Nd4 Bf6 62. Nf3 Bd8 63. Ne5 f6 64. Nf7+ Ke7 65. Nxd8 Kxd8
66. Kd4 Kd7 67. Kd5 Ke7 68. Kc5 Kd7 69. Kb5 Kd6 70. Kxa5 Ke5 71. Kxb4 Kxf5 72.
a5 Ke5 73. a6 f5 74. a7 f4 75. a8=Q 1-0